000 00805nam a2200253 i 4500
001 000026162
003 DO-SdBNP
005 20250116163337.0
007 ta
008 110303s2001 dr 000 0 spa d
040 _aDO-SdBNP
_bspa
_cBNPHU
_erda
082 _bR426m
_222
110 1 _aRepública Dominicana.
_bSecretaría de Estado de Educación y Cultura
_918697
245 1 0 _aMatemática 2 :
_bsegundo grado
264 _aSanto Domingo :
_bSecretaria de Estado de Educación y Cultura,
_c2001.
300 _a214 paginas :
_bilustraciones ;
_c28 cm.
336 _2rdacontent
_atexto
_btxt
337 _2rdamedia
_asin mediación
_bn
338 _2rdacarrier
_avolumen
_bnc
490 _aLa educación al servicio de la gente
590 _aInventariado, 2023/DG
910 _aDG
942 _2ddc
_cLBS1
999 _c55624
_d55624